000 00300nam a22001337a 4500
008 171010b xxu||||| |||| 00| 0 eng d
020 _a0803990103
041 _aeng
080 _a316
100 _a50
101 _aSOC
245 _aINVESTIGATING THE SOCIAL WORLD
_cSCHUT.R.K
942 _2udc
_cBK
999 _c32739
_d32739